Posibilidades y límites de la comunicación intercultural /

Korporativní autor: Univerzita Karlova. Středisko iberoamerických studií
Další autoři: Králová-Kullová, Jana, 1950-
Jazyk: Španělština
Vydáno: Praga : Karolinum, 2011
Vydání: 1a ed.
Edice: Ibero-Americana Pragensia. Supplementum
Témata:
Fyzický popis: 212 s. : il. ; 23 cm
Knihy
Uloženo v:
LEADER 01744nam a2200457 a 4500
001 nkc20112224204
003 CZ PrNK
005 20111024101444.0
007 ta
008 110927s2011 xr a f 000 0 spa
015 |a cnb002224204 
020 |a 978-80-246-1929-3  |q (brož.) 
035 |a (OCoLC)761169446 
040 |a ABA001  |b cze  |d OLA001 
072 7 |a 81  |x Lingvistika. Jazyky  |2 Konspekt  |9 11 
080 |a 81'25  |2 MRF 
080 |a 316.772.4  |2 MRF 
080 |a (048.8:082)  |2 MRF 
245 0 0 |a Posibilidades y límites de la comunicación intercultural /  |c Jana Králová (ed.) 
250 |a 1a ed. 
260 |a Praga :  |b Karolinum,  |c 2011 
300 |a 212 s. :  |b il. ;  |c 23 cm 
490 1 |a Ibero-Americana Pragensia. Supplementum,  |x 1210-6690 ;  |v 27/2011 
500 |a Na rubu tit. s.: Centro de Estudios Ibero-Americanos de la Universidad Carolina de Praga, Facultad de Filosofía 
500 |a 300 výt. 
504 |a Obsahuje bibliografické odkazy 
550 |a Vydavatel: Univerzita Karlova v Praze 
650 0 7 |a teorie překladu  |7 ph116430  |2 czenas 
650 0 7 |a interkulturní komunikace  |7 ph121149  |2 czenas 
650 0 9 |a theory of translation  |2 eczenas 
650 0 9 |a intercultural communication  |2 eczenas 
655 7 |a kolektivní monografie  |7 fd501537  |2 czenas 
655 9 |a collective monographs  |2 eczenas 
700 1 |a Králová-Kullová, Jana,  |d 1950-  |7 jn19981001694  |4 edt 
710 2 |a Univerzita Karlova.  |b Středisko iberoamerických studií  |7 xx0010472 
830 0 |a Ibero-Americana Pragensia.  |p Supplementum  |0 s 
910 2 |a BOA001  |b M2-1272.244 
990 |a BK 
995 |a 01 
991 |b 201110  |c NOV  |e n 
996 6 |b 2610489869  |c M2-1272.244  |l MZK  |r Sklad / do 24 hodin  |n 0  |p p.v.  |w 001204531  |u 000010  |a 1  |e BOA001  |j MZK50  |s P